| 000 | 00393nam a22001457a 4500 | ||
|---|---|---|---|
| 020 | _a978909489400 | ||
| 040 | _cNUST | ||
| 082 | _a813.6,DAS | ||
| 100 |
_aDashner, James _9134408 |
||
| 245 |
_aThe Maze runner: _bbook 1 in the maze runner series / _c James Dashner |
||
| 260 |
_aNew Yourk _bGreat britain _c2013 |
||
| 300 | _a370 p.; | ||
| 650 |
_aNovel _92525 |
||
| 942 |
_2ddc _cFIC _k813.6,DAS |
||
| 999 |
_c617403 _d617403 |
||